| 000 | 01124nam a2200325 i 4500 | ||
|---|---|---|---|
| 001 | 000005987 | ||
| 003 | DO-SdBNP | ||
| 005 | 20260422131912.0 | ||
| 007 | ta | ||
| 008 | 240625s1997 dr 001 0 spa d | ||
| 040 |
_aDO-SdBNP _bspa _cBNPHU _erda |
||
| 041 | _aspa | ||
| 082 | 4 |
_a346.7293 _bR426c, _222 |
|
| 110 | 1 |
_aRepública Dominicana _9447 |
|
| 245 | 1 | 0 |
_aCódigo civil de la República Dominicana : _blegislación complementaria y codigo de etica del abogado / _cJuan Pablo Acosta. |
| 250 | _acuarta edición actualizada | ||
| 264 | 1 |
_aMoca, República Dominicana : _bDalis, _c1997. |
|
| 300 |
_a232 paginas ; _c23 cm. |
||
| 336 |
_atexto _btxt _2rdacontent |
||
| 337 |
_asin mediación _bn _2rdamedia |
||
| 338 |
_avolumen _bnc _2rdacarrier |
||
| 500 | _aIncluye índice analítico | ||
| 500 | _aIncluye referencias bibliográficas y notas al pie de las páginas | ||
| 590 | _aInventariado, 2024/DG | ||
| 650 | 4 |
_aDerecho civil _zRepública Dominicana _91058 |
|
| 650 | 4 |
_aDerecho civil _xLegislación _99313 |
|
| 700 | 1 |
_aAcosta, Juan Pablo, _edirector _4dir,¡. _911716 |
|
| 910 | _aDG | ||
| 942 |
_2ddc _cLBS1 |
||
| 999 |
_c56974 _d56974 |
||